Statistiken für Länder, die den Cookinseln am nächsten liegen

Klicken Sie hier um das Quiz zu spielen!

Allgemein

  • Dieses Quiz wurde 65 mal gespielt
  • Das Durchschnittsergebnis liegt bei 16 aus 20

Antwortstatistiken

kmLand% Korrekt
4568Australien
100%
2958Neuseeland
98%
4218Papua-Neuguinea
98%
1574Fidschi
96%
5815Indonesien
92%
696Samoa
92%
1016Tonga
92%
2650Salomonen
90%
1604Tuvalu
90%
2734Vanuatu
90%
1183Kiribati
88%
3887Mikronesien
88%
3105Vereinigte Staaten
88%
3077Marshallinseln
87%
3219Nauru
87%
6894Palau
87%
4903Chile
62%
6964Japan
58%
6298Mexiko
42%
704Niue
15%

Verteilung der Resultate

Perzentil nach korrekt beantworteten Fragen

Anzahl Personen mit jedem Resultat

Ihre Resultats-Entwicklung

Sie haben dieses Quiz noch nicht gespielt